000 00456nam a2200157 a 4500
001 000025399
005 20200930023748.0
008 110215s1990 kn r 000 0 spa d
040 _aDO-SdBNP
_bspa
_cBNPHU
082 _axxxxx
_bK491a
100 1 _aKim, Zong Il
_951994
245 1 0 _aAcerca del arte operístico /
_cKim Zong Il.
260 _aPyongyang, Corea :
_bLenguas Extranjeras,
_c1990.
300 _a183 p. ;
_c19 cm.
590 _aInventariado, 2019/BT
999 _c24891
_d24891